000 00208 a2200097 4500
020 _a9780765280503
041 _aspa
100 _aGreenlaw linda
245 _aUna capitana de barco de pez espada
942 _cBK
999 _c10808
_d10808